00498cam a22001572 4500001001100000005001700011008004100028020002300069040001500092100003200107245012300139260003100262300001100293650003300304852000300337000001999020151217152206.0110415s xx 000 0 eng d a9966788042 :cKES  aKABUcKABU1 aKiunga, Murori.@000015957010aHow to invest in a volatile stock market :b"the wise do at the beginning, what fools do at the end" /cMurori Kiunga. aNairobi :bQueenex,c2008. a95 p. 0aStock exchanges.@00001526641